000 00465nam a2200157 4500
999 _c1230
_d1230
008 200115b ||||| |||| 00| 0 eng d
082 0 0 _a62.11282
_bT585
100 _9186
_aTimoshenko, S.
245 1 0 _aTheory of plates and shells
_cby S Timoshenko and S. Woinowsky-Krieger
250 _a2nd ed.
260 _aNew York
_bMcGraw-Hill
_c1959
300 _axiv, 580 p.
650 0 _aElastic Plates and Shells
700 _9742
_aWoienowshy-Krieger, S.
942 _2ddc
_cBK